000 00490nam a22001697a 4500
005 20231102055546.0
008 231102b |||||||| |||| 00| 0 eng d
020 _a9780409118179
041 _aEnglish
082 _a346.7 DEL
100 _aDelport, P
_lEnglish
245 _aNew Entrepreneurial Law /
_cP Delport
260 _aDurban :
_bLexisNexis (Pty) Ltd,
_c2014
300 _bix, 488 pages ;
_c25 cm.
650 _aLegal practice
_bLaw
942 _cBK
_6ALISON_BN_VRIES
999 _c234
_d234